00265nam a2200121Ia 4500008004100000100000900041245003300050260001500083300000900098650001400107942000700121999001500128190216s9999||||xx |||||||||||||| ||und|| aNull 0aFourth 5 Year Plan 1969-1974 bNullc1969 a203p aEconomics cBK c9243d9243